Score 0/40 Timer 04:00
0 Plays Today
Answer % Correct
Texas
97.4%
Kansas
97.4%
Texas
97.4%
Texas
97.4%
New York
97.1%
New York
97.1%
Illinois
96.5%
Illinois
96.5%
Illinois
96.5%
Georgia
95.9%
Georgia
95.9%
California
95.6%
Iowa
95.6%
California
95.6%
Mississippi
94.2%
Mississippi
94.2%
Kentucky
93.9%
Tennessee
93.9%
Kentucky
93.9%
Tennessee
93.9%
Answer % Correct
Tennessee
93.9%
Kentucky
93.9%
Alabama
93.6%
Alabama
93.6%
Nebraska
93%
Nebraska
93%
Oklahoma
91.9%
Hawaii
90.7%
Massachusetts
88.1%
Louisiana
88.1%
Massachusetts
88.1%
Louisiana
88.1%
Washington
86.3%
West Virginia
85.5%
South Carolina
85.5%
West Virginia
85.5%
Oregon
81.7%
Connecticut
78.8%
New Mexico
71.8%
Missouri
68.9%
Remove Ads.
Support Sporcle.
Get the best of Sporcle when you Go Orange. This ad-free experience offers more features, more stats, and more fun while also helping to support Sporcle. Thank you for becoming a member.

You're not logged in!

Compare scores with friends on all Sporcle quizzes.
OR
Log In

Show Comments

Extras

Top Quizzes Today


Score Distribution

Your Account Isn't Verified!

In order to create a playlist on Sporcle, you need to verify the email address you used during registration. Go to your Sporcle Settings to finish the process.

Report this User

Report this user for behavior that violates our Community Guidelines.

Details: